000 00602nam a2200253Ia 4500
003 OSt
005 20221005121209.0
006 a|||||r|||| 00| 0
007 ta
008 221004b |||||||| |||| 00| 0 eng d
024 _a57816
037 _cTextual
040 _aCRL
_cCRL
_beng
041 _2eng
_aeng
082 _aV2:2:9ZqN19, F2
110 _aIndia
245 0 _aGovernment of India Act, 1919
260 _c1922
490 _a9 & 10 Geo. 5, Ch.; 101
650 _aHISTORY
700 _aIndia
942 _hV2:2:9ZqN19, F2
_cTEXL
_2cc
999 _c1040435
_d1040435